[Event "Tatarstan-ch"]
[Site "Kazan"]
[Date "2016.09.21"]
[Round "6"]
[White "Demidov, Evgueni"]
[Black "Akifiev, Kirill"]
[Result "1-0"]
[WhiteElo "1498"]
[BlackElo "1804"]
[PlyCount "109"]
[EventDate "2016.09.16"]
[EventType "swiss"]
[EventRounds "9"]
[EventCountry "RUS"]
[SourceTitle "CBM 174 Extra"]
[Source "ChessBase"]
[SourceDate "2016.10.10"]
[SourceVersion "1"]
[SourceVersionDate "2016.10.10"]
[SourceQuality "1"]

1. d4 d5 2. c4 c6 3. cxd5 cxd5 4. Nc3 Nf6 5. Bf4 e6 6. Nf3 Nc6 7. a3 Bd6 8. Bxd6 Qxd6 9. e3 0-0 10. Bd3 e5 11. dxe5 Nxe5 12. Nxe5 Qxe5 13. 0-0 Ng4 14. g3 Nf6 15. Re1 h5 16. Bf1 Bg4 17. Qd4 Qf5 18. Bg2 Rfd8 19. Rac1 a6 20. f3 Bh3 21. Qf4 Qxf4 22. gxf4 Bxg2 23. Kxg2 d4 24. exd4 Rxd4 25. Kg3 Rd2 26. Re2 Rxe2 27. Nxe2 Rd8 28. Rc2 Rd3 29. h4 Ne4+ 30. Kg2 Nd6 31. Ng3 g6 32. Kf2 Nb5 33. Ke2 Rd4 34. Ke3 Kg7 35. Rc5 Rd1 36. f5 Re1+ 37. Kf4 Rb1 38. Rc2 Rg1 39. Rd2 Rc1 40. fxg6 Kxg6 41. Rg2 Rc4+ 42. Ne4+ Kh6 43. Kf5 Nd4+ 44. Kf4 Rc6 45. Rd2 Ne6+ 46. Ke5 b5 47. f4 Ng7 48. Rd6+ Rxd6 49. Nxd6 Kg6 50. f5+ Kh7 51. Kf6 Kg8 52. Nxf7 a5 53. Nd6 b4 54. axb4 axb4 55. Ke7 1-0

[Event "Tatarstan-ch"]
[Site "Kazan"]
[Date "2016.09.19"]
[Round "4"]
[White "Nizamov, Ildar"]
[Black "Akifiev, Kirill"]
[Result "1-0"]
[WhiteElo "2302"]
[BlackElo "1804"]
[PlyCount "71"]
[EventDate "2016.09.16"]
[EventType "swiss"]
[EventRounds "9"]
[EventCountry "RUS"]
[SourceTitle "CBM 174 Extra"]
[Source "ChessBase"]
[SourceDate "2016.10.10"]
[SourceVersion "1"]
[SourceVersionDate "2016.10.10"]
[SourceQuality "1"]

1. c4 Nf6 2. Nf3 c5 3. d4 cxd4 4. Nxd4 g6 5. Nc3 Bg7 6. e4 d6 7. Be2 0-0 8. Be3 Nbd7 9. 0-0 Nc5 10. f3 Bd7 11. Qd2 a6 12. Rac1 Rc8 13. Rfd1 Ne6 14. Nb3 Bc6 15. Bf1 Nh5 16. Nd5 Ba4 17. Qb4 Bxb3 18. Qxb3 Nc5 19. Bxc5 Rxc5 20. Qxb7 e6 21. b4 exd5 22. bxc5 Be5 23. Rc2 Qg5 24. g3 Qe3+ 25. Kg2 Bd4 26. Rxd4 Qxd4 27. cxd6 f5 28. exf5 Rxf5 29. cxd5 Rf7 30. d7 Kg7 31. Qc6 Qe3 32. d6 Qg5 33. Bc4 Nf4+ 34. Kh1 Qe5 35. gxf4 Qe1+ 36. Kg2 1-0

[Event "Nezhmetdinov Memorial 37th"]
[Site "Kazan"]
[Date "2015.06.01"]
[Round "2"]
[White "Akifiev, Kirill"]
[Black "Remizov, Yaroslav"]
[Result "1/2-1/2"]
[WhiteElo "1873"]
[BlackElo "2114"]
[PlyCount "56"]
[EventDate "2015.05.31"]
[EventType "swiss"]
[EventRounds "9"]
[EventCountry "RUS"]
[SourceTitle "CBM 166 Extra"]
[Source "ChessBase"]
[SourceDate "2015.06.18"]
[SourceVersion "1"]
[SourceVersionDate "2015.06.18"]
[SourceQuality "1"]

1. c4 e5 2. Nc3 Nf6 3. g3 Nc6 4. Bg2 Bb4 5. Nf3 0-0 6. 0-0 Bxc3 7. dxc3 Re8 8. c5 a5 9. Qc2 Qe7 10. Be3 d6 11. cxd6 cxd6 12. Rfd1 Ng4 13. Bg5 f6 14. Bc1 e4 15. Nd4 Nxd4 16. Rxd4 f5 17. Bf4 Ra6 18. Rad1 Ne5 19. Qd2 h6 20. Bxe5 dxe5 21. Rd8 Be6 22. Rxe8+ Qxe8 23. Qd8 Qxd8 24. Rxd8+ Kf7 25. g4 g6 26. gxf5 gxf5 27. a3 Rb6 28. Rd2 Bc4 1/2-1/2